Coronation Street Characters - Sudden Death - Statistics

General Stats
  • This quiz has been taken 331 times
  • The average score is 8 of 19
Answers on the Grid
Answers color-coded by a green-red scale on the quiz's grid according to % correct below.
Erica Tate
Fred Gee
Liz Lawson
Renee Roberts
Enid Barrowclough
Debbie Webster
David McDonald
Rita Fairbrother
Julie Carp
Alan Bradley
Ray Langton
Blanche Hunt
Elsie Shilling
Ena Sharples
Sophie Webster
David Barlow
Stan Ogden
Ashley Watts
Glenda Shuttleworth
Leonard Swindley
Gloria Todd
Clement Arkwright
Derek Wilton
Jerry Booth
Nellie Harvey
Betty Walker
Peggy Fowler
Cyril Turpin
Hilda Caldwell
Alf Roberts
 
Answer Stats
Answer % Correct
Debbie Webster
60%
Ena Sharples
60%
Julie Carp
59%
Alan Bradley
57%
Blanche Hunt
56%
Sophie Webster
56%
Stan Ogden
56%
Ray Langton
52%
Alf Roberts
48%
Derek Wilton
40%
Fred Gee
40%
Renee Roberts
36%
David Barlow
35%
Glenda Shuttleworth
35%
Cyril Turpin
29%
Jerry Booth
29%
Leonard Swindley
27%
Gloria Todd
24%
Nellie Harvey
16%
No matching quizzes found
Score Distribution
Percent of People with Each Score
Percentile by Number Answered
Your Score History
You have not taken this quiz